<?xml version="1.0" encoding="UTF-8"?>
<record
    xmlns:xsi="http://www.w3.org/2001/XMLSchema-instance"
    xsi:schemaLocation="http://www.loc.gov/MARC21/slim http://www.loc.gov/standards/marcxml/schema/MARC21slim.xsd"
    xmlns="http://www.loc.gov/MARC21/slim">

  <leader>01381nam a22002057a 4500</leader>
  <controlfield tag="005">20230324100720.0</controlfield>
  <controlfield tag="008">220909b           ||||| |||| 00| 0 eng d</controlfield>
  <datafield tag="020" ind1=" " ind2=" ">
    <subfield code="a">9782884790826</subfield>
  </datafield>
  <datafield tag="040" ind1=" " ind2=" ">
    <subfield code="c">AL                                                                         </subfield>
  </datafield>
  <datafield tag="041" ind1=" " ind2=" ">
    <subfield code="a">eng</subfield>
  </datafield>
  <datafield tag="082" ind1=" " ind2=" ">
    <subfield code="2">23</subfield>
    <subfield code="a">775</subfield>
    <subfield code="b">EVAC</subfield>
  </datafield>
  <datafield tag="100" ind1=" " ind2=" ">
    <subfield code="a">Duncan Evans</subfield>
    <subfield code="9">56990</subfield>
  </datafield>
  <datafield tag="245" ind1=" " ind2=" ">
    <subfield code="a">Comprehensive guide to digital travel photography</subfield>
  </datafield>
  <datafield tag="260" ind1=" " ind2=" ">
    <subfield code="a">Switzerland</subfield>
    <subfield code="b">AVA Publishing</subfield>
    <subfield code="c">2005</subfield>
  </datafield>
  <datafield tag="300" ind1=" " ind2=" ">
    <subfield code="a">143p.</subfield>
    <subfield code="b">PB</subfield>
    <subfield code="c">22X19.2cm.</subfield>
  </datafield>
  <datafield tag="365" ind1=" " ind2=" ">
    <subfield code="2">General</subfield>
    <subfield code="a">WORDI/2022/CRB/1323</subfield>
    <subfield code="b">&#x20B9;1600.00</subfield>
    <subfield code="d">&#x20B9;2285.82</subfield>
    <subfield code="e">30%</subfield>
    <subfield code="f">26-08-2022</subfield>
    <subfield code="c">&#x20B9;</subfield>
  </datafield>
  <datafield tag="520" ind1=" " ind2=" ">
    <subfield code="a">The digital revolution has added a myriad of possibilities for artistic and creative interpretation and, with no need for darkrooms and chemical processing, producing a photograph could not be easier. In this, the latest addition to AVA's Digital Photography series, shooting images and post-capture digital enhancement in a variety of environments are fully explored. The book covers a variety of different locations worldwide. The author explains the photographer's motives under the three headings 'shoot', 'enhance' and 'enjoy'. This book will be an invaluable resource for all those wanting to get the best from their digital camera whilst travelling, whether an experienced photographer or happy-snapper.
</subfield>
  </datafield>
  <datafield tag="650" ind1=" " ind2=" ">
    <subfield code="2">Digital Photography</subfield>
  </datafield>
  <datafield tag="942" ind1=" " ind2=" ">
    <subfield code="2">ddc</subfield>
    <subfield code="c">BK</subfield>
  </datafield>
  <datafield tag="999" ind1=" " ind2=" ">
    <subfield code="c">224554</subfield>
    <subfield code="d">224554</subfield>
  </datafield>
  <datafield tag="952" ind1=" " ind2=" ">
    <subfield code="0">0</subfield>
    <subfield code="1">0</subfield>
    <subfield code="2">ddc</subfield>
    <subfield code="4">0</subfield>
    <subfield code="7">0</subfield>
    <subfield code="8">MAJMC</subfield>
    <subfield code="a">SACPG</subfield>
    <subfield code="b">SACPG</subfield>
    <subfield code="d">2022-09-03</subfield>
    <subfield code="e">Word Bookshop</subfield>
    <subfield code="g">1600.00</subfield>
    <subfield code="l">0</subfield>
    <subfield code="o">775 EVAC</subfield>
    <subfield code="p">PG023986</subfield>
    <subfield code="r">2022-09-09 00:00:00</subfield>
    <subfield code="v">2285.82</subfield>
    <subfield code="w">2022-09-09</subfield>
    <subfield code="y">BK</subfield>
  </datafield>
</record>
